| 000 | 00676nam a2200205Ia 4500 | ||
|---|---|---|---|
| 003 | GCL | ||
| 008 | 140319s9999 xx 000 0 ara d | ||
| 040 |
_aGCL / _cGCL |
||
| 082 | 0 | 4 |
_aق _b728.81 _bع ق |
| 100 | 1 | _aعبدالرحمن زكى | |
| 245 | 1 | 0 |
_aقلعة مصر: من السلطان صلاح الدين الى الملك فاروق الاول / _cعبدالرحمن زكى |
| 300 | _a155 ص | ||
| 490 |
_aالهيئة العامة للاستعلامات _v0 |
||
| 650 | 0 | 4 | _aالتاريخ |
| 650 | 0 | 4 | _aالمبانى |
| 650 | 0 | 4 | _aالاثار الاسلامية |
| 650 | 0 | 4 | _aالحصون والقلاع |
| 650 | 0 | 4 | _aمصر - تاريخ |
| 942 |
_2ddc _cBK |
||
| 999 |
_c49794 _d49794 |
||